4 podobne flagi - 4 różne państwa #3 - Statystyki

Ogólne statystyki
  • Ten quiz został rozwiązany 2 068 razy
  • Średni wynik to 14 z 16
Statystyki odpowiedzi
Obrazkowy Odpowiedź % Poprawnych
Chorwacja
99%
Holandia
98%
Japonia
98%
Indie
97%
Korea Południowa
97%
Luksemburg
97%
Irlandia
96%
Australia
94%
Nowa Zelandia
91%
Bangladesz
89%
Wybrzeże Kości Słoniowej
89%
Paragwaj
81%
Niger
78%
Fidżi
74%
Palau
70%
Tuvalu
62%
Nie znaleziono quizów pasujących do podanych kryteriów
Rozkład punktacji
Procent ludzi z każdym wynikiem
Percentyl według liczby udzielonych odpowiedzi
Twoja historia wyników
Nie rozwiązałeś tego quizu